000 01555nam a2200421Ia 4500
001 dia_3520
003 CHAP
005 20230310124556.0
008 220117s2014 xx 000 0 und d
010 _a173978
020 _a978-84-9077-022-1
040 _cCHAP
082 _a664.9 T43 2014
245 _aTecnología de los alimentos de origen animal /
_c edición Juan Antonio Ordóñez Pereda y Gonzalo García de Fernando ; colaboración Ma. Dolores Selgas...[et al.]
260 _aEspaña :
_b Sintesis,
_c2014
300 _av.
440 _aManuales Científico-Técnicos
_9154812
500 _aLa biblioteca tiene el v.1.
503 _aC.
504 _aIncluye bibliografías
505 _av.Fundamentos de química y microbiología de alimentos
590 _aTP370.4 T43 2014
650 _aAlimentos
_xAnálisis
_94164
650 _aAlimentos
_xManuales de laboratorio
_9154813
650 _aFood industry
_xHandbooks, manuals, etc.
_9154814
650 _aFood industry
_xTechnology
_9147008
650 _aFood
_xAnalysis
_9147009
650 _aFood
_xLaboratory manuals
_9154815
650 _aIndustria de los alimentos
_xManuales
_9154816
650 _aIndustria de los alimentos
_xTecnología
_9148182
700 _aGarcía de Fernando, Gonzalo, ed.
_9154817
700 _aOrdóñez Pereda, Juan A., ed.
_9151389
700 _aSelgas, Ma. Dolores, colab.
_9154818
901 _a664.9 T43 2014
902 _aM
905 _a5232272014 SP aimn8222223322spa16
942 _cLIBRO
_2ddc
999 _c173978
_d173978